[Event "Foz do Iguacu op 3rd"]
[Site "Foz do Iguacu"]
[Date "2013.06.01"]
[Round "4"]
[White "De Oliveira, Jesus Clayton"]
[Black "Portilho, Emerson Roger da Ro"]
[Result "1-0"]
[WhiteElo "1795"]
[BlackElo "1760"]
[PlyCount "61"]
[EventDate "2013.05.31"]
[EventType "swiss"]
[EventRounds "6"]
[EventCountry "BRA"]
[SourceTitle "CBM 154 Extra"]
[Source "ChessBase"]
[SourceDate "2013.06.25"]
[SourceVersion "2"]
[SourceVersionDate "2013.06.25"]
[SourceQuality "1"]

1. d4 d5 2. Nf3 Bf5 3. Bf4 Nf6 4. e3 e6 5. c3 Bd6 6. Bg3 Bxg3 7. hxg3 0-0 8. Ne5 Nbd7 9. g4 Bg6 10. Bd3 Nxe5 11. dxe5 Bxd3 12. Qxd3 Ne4 13. f3 Ng5 14. Nd2 g6 15. 0-0-0 c5 16. Rh2 c4 17. Qd4 f6 18. Rdh1 fxe5 19. Qxe5 Qf6 20. Qg3 Rf7 21. f4 Ne4 22. Nxe4 dxe4 23. g5 Qe7 24. Rh6 Rd8 25. Qh3 Rg7 26. g3 Rd7 27. Qg2 e5 28. Qxe4 exf4 29. Qxc4+ Qf7 30. Qxf7+ Rgxf7 31. gxf4 1-0